000 00721nam a2200289Ia 4500
005 20260324144935.0
008 008 260324s9999 xx 000 0 eng d
020 _a9781315791920
037 _aEBOOK
040 _aCRL
040 _beng
040 _cCRL
041 _2eng
041 _aeng
084 _qCRL
100 _aL. Bryce Boyer; Simon A. Grolnick
_91217008
245 4 _aThe Psychoanalytic Study of Society, V. 11
245 0 _bEssays in Honor of Werner Muensterberger
260 _bTaylor and Francis
260 _c1985
365 _a
365 _b195
856 _uhttp://www.taylorfrancis.com/books/9781315791920
942 _cEBOOK
999 _c1828419
_d1828419